Quizzes
Events
Quiz Creation
Community
Videos
Private Events
Remove Ads
Sign In
Join for FREE
Feedback
Dark Mode
Quiz Categories
Sports
Geography
Music
Movies
Television
Just For Fun
Miscellaneous
History
Literature
Language
Science
Gaming
Entertainment
Religion
Holiday
For Kids
Quiz Lab
Recent
Popular Today
Quiz Kudos Today
Editor Picks
Curator Picks
Quizzes by...
Day
Popularity
Type
Ratings
Length
Year
Community
Subscriptions
Recent Discussions
Orange Saloon
Badges
Playlists
Quests
Create
Leaderboards
Showdown
Live 5
Trivia Bingo
Activity
Puzzle Library
Sporcle Events
Private Events
Virtual Trivia
Globe League
Become a Host
Pub Owners
SporcleCon
Opinionation
Our Games
Videos
Blog
Mobile Apps
Partnerships
Remove Ads and Go Orange
Feedback
Sports
Athletes
MLB
NBA
NHL
NFL
Soccer
Sports Teams
WWE
NCAA
Football
Premier League
Basketball
Baseball
Hockey
Golf
Tennis
Cricket
Rugby
Auto Racing
Olympics
World Cup
Sports
Athletes
MLB
NBA
NHL
NFL
Soccer
Sports Teams
WWE
NCAA
Football
Premier League
Basketball
Baseball
Hockey
Golf
Tennis
Cricket
Rugby
Auto Racing
Olympics
World Cup
Random Quiz
Search Sporcle
×
Quiz Lab
Quiz Lab
Sports
MLB
Type in answers that appear in a list
Type in answers that appear in a list
Classic
Best Score? Go Orange.
MLB Top 50 Batting Averages (2012) Stats
Can you name the top 50 batting averages in 2012?
By
RaysRule2010
12m
51 Questions
532 Plays
532 Plays
532 Plays
Comments
Comments
Give Quiz Kudos
Give Quiz Kudos
-
- Ratings
hide this ad
Replay
Link that replays current quiz
Next Quiz
Link to next quiz in quiz playlist
You Got
0%
They Got
Avg Score
70%
Avg Friend Score
Upgrade to see
Score Distribution
Jump to the score distribution portion of the page
Score
0/51
Timer
12:00
0
Plays Today
AVG
Player
% Correct
.330
Miguel Cabrera
99.2%
.319
Ryan Braun
98.3%
.326
Mike Trout
97.2%
.316
Derek Jeter
97%
.319
Joe Mauer
96.6%
.336
Buster Posey
96.1%
.327
Andrew McCutchen
96.1%
.303
Carlos Gonzalez
94.9%
.299
Adrian Gonzalez
94.9%
.285
Josh Hamilton
94.4%
.313
Robinson Cano
94.2%
.313
Prince Fielder
92.5%
.285
Albert Pujols
91.4%
.321
Adrian Beltre
90.8%
.306
David Wright
89.7%
.287
Adam Jones
88.2%
.295
Matt Holliday
87.2%
.313
Billy Butler
86.5%
.298
Paul Konerko
85.5%
.315
Yadier Molina
85%
.313
Torii Hunter
76.5%
.294
Alex Gordon
76.1%
.290
Dustin Pedroia
75.8%
.286
Elvis Andrus
75.8%
.287
Jose Reyes
74.1%
.300
Aramis Ramirez
72.7%
AVG
Player
% Correct
.293
David Freese
72.7%
.300
Austin Jackson
68.6%
.286
Chase Headley
68.4%
.305
Jon Jay
64.1%
.301
Martin Prado
62.2%
.304
David Murphy
61.3%
.291
Daniel Murphy
61.3%
.307
Allen Craig
60.7%
.287
Howard Kendrick
59.4%
.292
Ian Desmond
59%
.304
Alex Rios
55.3%
.292
Yoenis Cespedes
54.5%
.300
Dexter Fowler
54.3%
.306
Marco Scutaro
53.9%
.286
Paul Goldschmidt
53%
.290
Jose Altuve
51.1%
.302
Aaron Hill
50.9%
.288
Angel Pagan
49.2%
.290
Erick Aybar
47.6%
.286
Miguel Montero
45.3%
.294
Ben Revere
39.3%
.293
Alcides Escobar
38.5%
.288
Michael Brantley
28%
.288
Norichika Aoki
23.3%
.309
Jordan Pacheco
18%
Quiz Playlist
Details
Report
Send in Message
Add To Playlist
Classic:
Type in answers that appear in a list
Quiz Source
Last Updated: Feb 16, 2017
Quiz Scoreboard
CHALLENGE
Sign Up to Join the Scoreboard
Show All
Scores
Hide
Comments
May contain spoilers
Recently Published
Alphabetical 'K' Countries by Flag Minefield
by ylime102
Geography
3m
Pick 6: Fruits
by JohnFran
Miscellaneous
15s
Click the 1999 NBA Draft
by nibperrychub
Sports
2m
More to Explore
Quiz From the Vault
Featured Blog Post
15 Basketball Trivia Facts You Can Be March Mad About
hide this ad
You Might Also Like...
Tags
Baseball Quiz
MLB Quiz
2012
Average
Avg
Batting
Player
team
Today's Top Quizzes in Sports
Browse Sports
hide this ad
Today's Top Quizzes in MLB
Browse MLB
Top Contributed Quizzes in Sports
1
Les joueurs à 100 buts en Ligue 1 Uber Eats
2
Pick 6: NFL Teams
3
MLB 2 truths and a lie: Hall of Fame pitchers
4
2022 World Cup Stars
5
Criteria MLB: Left Handed Sluggers
6
Millionaire: NBA Finals Edition
7
Pick 6: Minor League Baseball
8
Click the 1998 NBA Draft
9
Don't Strike Out: 3000 Strikeouts
10
Pick 6: Olympics
Explore More
Trending Topics
Crossword
Marvel
Disney
NBA
Anime
Kpop
Harry Potter
Song
NFL
Country
WWE
Pokémon
Puzzle
The Office
Soccer
hide this ad
More By:
RaysRule2010
Quiz
Plays
Rating
Category
Featured
Created
Sports Logos II
316,222
4.02
Sports
Feb 5, 2011
Safe Cracker: Sports
282,015
2.50
Sports
Jan 13, 2011
Baby Names: Per Letter (2000s)
89,913
3.89
Miscellaneous
Dec 13, 2010
'S' Country per Second Letter
78,300
4.56
Geography
Feb 7, 2011
Cleveland Cavaliers All-Time Leaders
76,913
4.45
Sports
Feb 19, 2014
Go to Creator's Profile
Score Distribution
Quiz Creator Spotlight
RaysRule2010
Follow
Send a Message
Quizzes Created
-
Created Quiz Play Count
-
More By This Creator
Popular Quizzes Today
1
Countries of Asia Without Outlines Minefield
2
Find the US States - No Outlines Minefield
3
Pick 6: Fruits
4
Alphabetical 'K' Countries by Flag Minefield
5
The Countries of the World
6
Find the US States
7
US States
8
Find the Countries of Europe - No Outlines Minefield
More Sports Quizzes
Scientifically Named Mascots
Published
Trending Quizzes
Pick 6: Mountains
Pick 6: Harry Potter
Pick 6: Flags
Pick 6: NFL Teams
Pick 6: Movie Franchises
Recently Updated
NWSL Teams
pecheneg
Women's Final Four Teams by Year
bhenderson79
Presidents Quartet II
eogle
Anything But Clue(do)
eogle
Anything But Oceanian Capitals
eogle
Anything But 7
eogle
Anything But Thing
eogle
Word Ladder: February 29
pecheneg
Song Title Questions
pecheneg
Women's NCAA Tournament #1 Seeds
pecheneg
Trending Topics
Harry Potter
Crossword
Anime
Marvel
Disney
NBA
Kpop
NFL
Song
Puzzle
WWE
Country
Pokémon
The Office
Soccer
Your Account Isn't Verified!
In order to create a playlist on Sporcle, you need to verify the email address you used during registration. Go to your
Sporcle Settings
to finish the process.
Report this User
Report this user for behavior that violates our
Community Guidelines
.
Details:
Send Report
Go to the Sporcle.com Mobile Site →
Comments